Managing climate risks in coastal communities : (Record no. 3300)

000 -LEADER
fixed length control field 02296nam a22003978i 4500
006 - FIXED-LENGTH DATA ELEMENTS--ADDITIONAL MATERIAL CHARACTERISTICS--GENERAL INFORMATION
fixed length control field m|||||o||d||||||||
007 - PHYSICAL DESCRIPTION FIXED FIELD--GENERAL INFORMATION
fixed length control field cr||||||||||||
008 - FIXED-LENGTH DATA ELEMENTS--GENERAL INFORMATION
fixed length control field 150921s2015||||enk o ||1 0|eng|d
020 ## - INTERNATIONAL STANDARD BOOK NUMBER
International Standard Book Number 9781783084876 (ebook)
040 ## - CATALOGING SOURCE
Original cataloging agency IMU Kochi Library
Language of cataloging eng
041 0# - LANGUAGE CODE
Language code of text/sound track or separate title eng
082 00 - DEWEY DECIMAL CLASSIFICATION NUMBER
Classification number 333.91/7
Edition number 23
100 1# - MAIN ENTRY--PERSONAL NAME
Personal name Susskind, Lawrence,
245 10 - TITLE STATEMENT
Title Managing climate risks in coastal communities :
Sub Title strategies for engagement, readiness and adaptation /
300 ## - PHYSICAL DESCRIPTION
Extent 1 online resource (x, 451 pages) :
Other physical details digital, PDF file(s).
500 ## - GENERAL NOTE
General note Title from publisher's bibliographic system (viewed on 10 Dec 2015).
520 ## - SUMMARY, ETC.
Summary, etc Drawing on research from the New England Climate Adaptation Project, 'Managing Climate Risks for Coastal Communities' introduces a framework for building local capacity to respond to climate change. The authors maintain that local climate adaptation efforts require collective commitments to risk management, but that many communities are not ready to take on the challenge and urgently need enhanced capacity to support climate adaptation planning. To this end, the book offers statistical assessments of one readiness enhancement strategy, using tailored role-play simulations as part of a broader engagement approach. It also introduces methods for forecasting local climate change risks, as well as for evaluating the social and political context in which collective action must take place. With extensive illustration and example engagement materials, this volume is tailored for use by researchers, policy makers and practitioners.
650 #0 - SUBJECT ADDED ENTRY--TOPICAL TERM
Topical term or geographic name as entry element Coastal zone management.
650 #0 - SUBJECT ADDED ENTRY--TOPICAL TERM
Topical term or geographic name as entry element Climatic changes
General subdivision Risk management.
650 #0 - SUBJECT ADDED ENTRY--TOPICAL TERM
Topical term or geographic name as entry element Coastal engineering.
700 1# - ADDED ENTRY--PERSONAL NAME
Personal name Rumore, Danya Lee,
Relator term
700 1# - ADDED ENTRY--PERSONAL NAME
Personal name Hulet, Carri,
Relator term
700 1# - ADDED ENTRY--PERSONAL NAME
Personal name Field, Patrick,
Dates associated with a name 1963-
Relator term
852 ## - LOCATION/CALL NUMBER
Location IMU Kochi Library
856 40 - ELECTRONIC LOCATION AND ACCESS
Uniform Resource Identifier <a href="http://www.cambridge.org/core/product/identifier/9781783084876/type/BOOK">http://www.cambridge.org/core/product/identifier/9781783084876/type/BOOK</a>
904 ## - LOCAL DATA ELEMENT D, LDD (RLIN)
CATALOGER Rudra Ranjan
905 ## - LOCAL DATA ELEMENT E, LDE (RLIN)
VERIFIER Rudra Ranjan
942 ## - ADDED ENTRY ELEMENTS (KOHA)
Item type E-Book
264 #1 -
-- London :
-- Anthem Press,
-- 2015.
338 ## -
-- online resource

No items available.



Copyright © All Rights Reserved by Indian Maritime University, Kochi Campus.
For any Suggestions/Query Contact to library or Email: library.kochi@imu.ac.in Ph:(0484)-2989402
(Web OPAC Designed by Rudra Ranjan. Maintained by IMU Kochi Library)

Powered by Koha